Los isotopos radiactivos y sus aplicaciones industriales / (Record no. 7456)

000 -CABECERA
fixed length control field 00828nam a22002057a 4500
003 - IDENTIFICADOR DEL NÚMERO DE CONTROL
control field AR-CdUCM
008 - DATOS DE LONGITUD FIJA--INFORMACIÓN GENERAL
fixed length control field 190320b ||||| |||| 00| 0 spa d
040 ## - FUENTE DE LA CATALOGACIÓN
Agencia/entidad que catalogó originalmente la obra MUNICIPALIDAD PROVINCIAL DEL CUSCO
Entidad que transcribió la catalogación BIBLIOTECA MUNICIPAL DEL CUSCO
082 ## - NÚMERO DE LA CLASIFICACIÓN DECIMAL DEWEY
No. de Clasificación 539.74 /
Notacion interna P61
100 ## - ENTRADA PRINCIPAL--NOMBRE DE PERSONA
Nombre Personal Piraux, H
245 ## - MENCIÓN DE TÍTULO
Título Los isotopos radiactivos y sus aplicaciones industriales /
260 ## - PUBLICACIÓN, DISTRIBUCIÓN, ETC.
Lugar de publicación, distribución, etc. Madrid :
Nombre de la editorial, distribuidor, etc. Paraninfo,
Fecha de publicación, distribución, etc. 1965.
300 ## - DESCRIPCIÓN FÍSICA
Nº de Páginas Extensión 312 paginas ,
Otros detalles físicos Ilustraciones
Dimensiones 22 cm.
505 ## - NOTA DE CONTENIDO CON FORMATO
Nota de contenido formateada Contenido :Que son los radio elementos -- Efectos fisiológicos de las radiaciones -- Acción sobre la materia y protección -- Condiciones de trabajo -- Los detectores de radiaciones ...
650 ## - PUNTO DE ACCESO ADICIONAL DE MATERIA--TÉRMINO DE MATERIA
Descriptor Electroacústica
9 (RLIN) 21025
650 ## - PUNTO DE ACCESO ADICIONAL DE MATERIA--TÉRMINO DE MATERIA
Descriptor Acústica
9 (RLIN) 21026
700 ## - PUNTO DE ACCESO ADICIONAL--NOMBRE DE PERSONA
Nombre Personal Vidondo Morras, Félix (traductor)
9 (RLIN) 21027
942 ## - ELEMENTOS DE PUNTO DE ACCESO ADICIONAL (KOHA)
Fuente de clasificación
Tipo de item Libros-BMC
945 ## - PROCESAMIENTO DE INFORMACIÓN LOCAL (OCLC)
Catalogador rum
Holdings
Estado de retiro (separado) Fuente de clasificación o esquema de estanterías Estado dañado Ubicación Sala donde se ubica Nombre de la colección Fecha de adquisición o compra Costo, precio normal en soles Signatura topográfica Código de Barras Última vez visto (Koha) Tipo de ítem (Koha) Número de Ejemplar
No     Sala Ciencias Sala Ciencias Book Cart 2019-03-20 32.00 539.74 / P61 SC0000000457 2019-03-20 Libros-BMC  
No     Sala Ciencias Sala Ciencias Book Cart 2019-05-23 32.00 539.74 / P61 / e.2 SC0000001857 2019-05-23 Libros-BMC e.2

Powered by Koha